Essai sur la métaphysique d'Aristote: Hellénisme, Judaïsme, Christianisme

Gardado en:
Detalles Bibliográficos
Autor Principal: Ravaisson Mollien, Félix (Author)
Formato: Libro
Idioma:francés
Publicado: París Librairie Philosophique J. Vrin 1953
Series:Bibliothèque des Textes Philosophiques
Subjects:
Tags: Engadir etiqueta
Sen Etiquetas, Sexa o primeiro en etiquetar este rexistro!

MARC

LEADER 00000nam a2200000 a 4500
001 UCY6422
003 CL-VaPUC
008 950526e19530000FR |||||||||||||||||fre|d
082 0 4 |a 185  |b RAV  |2 21 
100 0 |a Ravaisson Mollien, Félix  |e author  |9 335835 
245 1 0 |a Essai sur la métaphysique d'Aristote: Hellénisme, Judaïsme, Christianisme 
300 |a 158 p 
942 |c BK 
945 |d 19950526 00:00:00  |a oaravena 
260 |a París  |b Librairie Philosophique J. Vrin  |c 1953 
600 0 |a Aristóteles,  |d 384 a.C.- 322 a.C.  |9 194 
650 0 |a Filosofía   |9 223554 
650 0 |a Filosofía antigua   |9 255705 
650 0 |a Metafísica  |9 265649 
650 0 |a Ontología   |9 256850 
650 0 |a Cristianismo  |9 257361 
650 0 |a Helenismo  |9 267485 
650 0 |a Judaísmo  |9 269348 
651 0 |a Grecia  |9 265314 
583 |a last modification  |c 19950526 00:00:00  |k Rodrigo Vera 
490 0 |a Bibliothèque des Textes Philosophiques 
999 |c 233987  |d 233985 
952 |0 0  |1 0  |4 0  |6 185_000000000000000_RAV_1953  |7 0  |8 P  |9 239899  |a BIBEDU  |b BIBEDU  |c BIBEDU_PB  |d 2019-11-18  |i 1509810  |o 185 RAV 1953  |p 1509810  |r 2024-01-25  |w 2019-11-18  |y BK  |k FIL 
952 |0 0  |1 0  |4 0  |6 185_000000000000000_RAV_1953  |7 0  |8 P  |9 239900  |a BIBEDU  |b BIBEDU  |c BIBEDU_PB  |d 2019-11-18  |i 1509829  |o 185 RAV 1953  |p 1509829  |r 2024-01-25  |w 2019-11-18  |y BK  |k FIL